[Event "IECG QN.1999.0.00078"]
[Site "IECG email"]
[Date "1999.09.09"]
[Round "?"]
[White "Chandler, Mark"]
[Black "Janssens, Paul"]
[Result "1-0"]
[WhiteElo "800"]
[BlackElo "800"]
[PlyCount "67"]
[EventDate "1999.09.09"]
[EventType "tourn (corr)"]
[EventRounds "6"]
[SourceTitle "Corr 2008"]
[Source "ChessBase"]
[SourceDate "2008.06.24"]
[SourceVersion "1"]
[SourceVersionDate "2008.06.24"]
[SourceQuality "1"]

1. e4 e5 2. Bc4 Nf6 3. d3 Bc5 4. Nc3 d6 5. Na4 Bd4 6. c3 Ng4 7. cxd4 exd4 8. Nf3 0-0 9. Nxd4 Qe8 10. 0-0 Qe5 11. Nf3 Qf6 12. Bd2 Nc6 13. Nc3 b6 14. Nd5 Qe6 15. Nxc7 Qf6 16. Nxa8 Qd8 17. Ng5 Nce5 18. Bd5 Nh6 19. d4 Neg4 20. Qb3 Be6 21. Nxe6 Qd7 22. Nxf8 Qe8 23. Nxh7 Kxh7 24. Qh3 Nf6 25. Bxh6 gxh6 26. Qf5+ Kg7 27. e5 Nxd5 28. exd6 Qxa8 29. Rac1 Qd8 30. Qxd5 Qd7 31. Rc7 Qe6 32. Qxe6 b5 33. Qxf7+ Kh8 34. Rc8# 1-0

[Event "IECG QN.1999.0.00078"]
[Site "IECG email"]
[Date "1999.09.09"]
[Round "?"]
[White "Che Ahmed, Che Hassan"]
[Black "Janssens, Paul"]
[Result "1-0"]
[WhiteElo "800"]
[BlackElo "800"]
[PlyCount "77"]
[EventDate "1999.09.09"]
[EventType "tourn (corr)"]
[EventRounds "6"]
[SourceTitle "Corr 2008"]
[Source "ChessBase"]
[SourceDate "2008.06.24"]
[SourceVersion "1"]
[SourceVersionDate "2008.06.24"]
[SourceQuality "1"]

1. c4 Nf6 2. Nc3 d6 3. g3 e5 4. Bg2 Be6 5. b3 d5 6. cxd5 Nxd5 7. Bb2 Bd6 8. Nxd5 c6 9. Nc3 0-0 10. e3 Qe7 11. Nge2 Na6 12. d4 Nb4 13. 0-0 Bf5 14. e4 Bg4 15. f3 Be6 16. a3 Na6 17. b4 b5 18. d5 cxd5 19. Nxd5 Bxd5 20. Qxd5 Nc7 21. Qb7 Bc5+ 22. bxc5 Qxc5+ 23. Kh1 Qc2 24. Bxe5 Ne6 25. Nd4 Qc5 26. Nxe6 Qxe5 27. Nxf8 Qe8 28. Nd7 Rd8 29. Nc5 g6 30. Rad1 Rb8 31. Qxa7 Qc8 32. Rd7 Qf8 33. f4 Rc8 34. e5 Rxc5 35. Bd5 Rc8 36. Rxf7 Qd8 37. Rd7+ Kf8 38. Rxd8+ Rxd8 39. Qf7# 1-0

[Event "IECG QN.1999.0.00078"]
[Site "IECG email"]
[Date "1999.09.09"]
[Round "?"]
[White "Schulle, Jozsef"]
[Black "Janssens, Paul"]
[Result "1-0"]
[WhiteElo "997"]
[BlackElo "800"]
[PlyCount "37"]
[EventDate "1999.09.09"]
[EventType "tourn (corr)"]
[EventRounds "6"]
[SourceTitle "Corr 2008"]
[Source "ChessBase"]
[SourceDate "2008.06.24"]
[SourceVersion "1"]
[SourceVersionDate "2008.06.24"]
[SourceQuality "1"]

1. c4 e5 2. Nc3 c6 3. d4 Nf6 4. dxe5 Bc5 5. exf6 Qxf6 6. Nf3 Qe6 7. e3 d6 8. Bd3 0-0 9. Bxh7+ Kh8 10. Bd3 Na6 11. a3 Bd7 12. 0-0 g6 13. b4 Qf6 14. Bb2 d5 15. Na4 Bxb4 16. Bxf6+ Kh7 17. Ng5+ Kg8 18. Qh5 gxh5 19. Bh7# 1-0